[Event "ODJM B 2019"]
[Site "Willingen GER"]
[Date "2019.06.12"]
[Round "5"]
[White "Garbuz, Nicole"]
[Black "Hierl, Johannes"]
[Result "1-0"]
[Termination "normal"]
[Board "42"]
[WhiteElo "1650"]
[BlackElo "1327"]
[PlyCount "99"]
[WhiteFideId "12990701"]
[BlackFideId "16235096"]
[EventCountry "GER"]
[EventRounds "9"]
[EventType "swiss"]
[EventDate "2019.06.08"]

1. f4 d5 2. b3 Bg4 3. Bb2 e6 4. Nf3 Bxf3 5. exf3 Nf6 6. Nc3 c6 7. Qe2 Qc7 8. g3
Nbd7 9. O-O-O O-O-O 10. Bh3 Bd6 11. d4 Rde8 12. Rde1 Kb8 13. Nd1 Qa5 14. Kb1 c5
15. Nf2 Rc8 16. dxc5 Bxc5 17. Nd3 Ba3 18. Ne5 Bxb2 19. Kxb2 Qc3+ 20. Kb1 Nxe5
21. fxe5 Nd7 22. f4 Nc5 23. Bg2 Na6 24. Rc1 Rc5 25. Qd3 Rhc8 26. Qxc3 Rxc3 27.
Rhd1 Nb4 28. Rd2 a5 29. a3 Na6 30. Kb2 b5 31. Bf1 R3c5 32. a4 Nc7 33. axb5 Nxb5
34. Bxb5 Rxb5 35. Ra1 Kb7 36. Rd4 Kb6 37. Raa4 Kc5 38. Kc1 Ra8 39. Kd2 Kb6 40.
Kd3 Re8 41. b4 Re7 42. bxa5+ Rxa5 43. Rdb4+ Ka6 44. Rxa5+ Kxa5 45. Rb8 g6 46.
g4 f5 47. exf6 Rf7 48. g5 Ka6 49. Re8 Kb6 50. Rxe6+ 1-0

[Event "ODJM B 2019"]
[Site "Willingen GER"]
[Date "2019.06.12"]
[Round "5"]
[White "Borgmann, Simon"]
[Black "Raasch, Hauke"]
[Result "1/2-1/2"]
[Termination "normal"]
[Board "43"]
[WhiteElo "1583"]
[BlackElo "1614"]
[PlyCount "64"]
[WhiteFideId "16234677"]
[BlackFideId "16210034"]
[EventCountry "GER"]
[EventRounds "9"]
[EventType "swiss"]
[EventDate "2019.06.08"]

1. d4 d5 2. Nf3 Bf5 3. e3 e6 4. c4 c6 5. a3 Nf6 6. Bd3 Bg6 7. O-O Bd6 8. Qc2
Nbd7 9. Nbd2 Rc8 10. b3 Bxd3 11. Qxd3 O-O 12. Bb2 Bc7 13. Qe2 Ne4 14. Rac1 f5
15. Ne5 Rf6 16. f4 Nxd2 17. Qxd2 Rh6 18. Rf3 Nf6 19. Qe1 Bxe5 20. dxe5 Ne4 21.
Rd1 Qb6 22. Qb4 Qxb4 23. axb4 a6 24. Bd4 Rh5 25. Rh3 Rxh3 26. gxh3 Kf7 27. Kg2
h6 28. Kf3 h5 29. h4 b5 30. c5 Ra8 31. Ke2 Ra7 32. Ra1 Ra8 1/2-1/2

[Event "ODJM B 2019"]
[Site "Willingen GER"]
[Date "2019.06.12"]
[Round "5"]
[White "Esefelder, Richard"]
[Black "Schneble, Milan"]
[Result "1-0"]
[Termination "normal"]
[Board "45"]
[WhiteElo "1627"]
[BlackElo "1425"]
[PlyCount "51"]
[WhiteFideId "16287487"]
[BlackFideId "16266102"]
[EventCountry "GER"]
[EventRounds "9"]
[EventType "swiss"]
[EventDate "2019.06.08"]

1. e4 e5 2. Nf3 Nc6 3. Bc4 Bc5 4. O-O d6 5. h3 Nf6 6. d3 h6 7. Nc3 O-O 8. Be3
Bxe3 9. fxe3 Re8 10. Nh4 Be6 11. Bxe6 fxe6 12. Qf3 Rf8 13. Ng6 Rf7 14. Rf2 Qd7
15. Raf1 Rd8 16. Qg3 Ne7 17. Nxe5 dxe5 18. Rxf6 Rxf6 19. Rxf6 Kh7 20. Rf7 Rg8
21. Qh4 Re8 22. Qg3 Rg8 23. Qxe5 Kg6 24. Qf4 e5 25. Rxe7 Qxe7 26. Qf5# 1-0

[Event "ODJM B 2019"]
[Site "Willingen GER"]
[Date "2019.06.12"]
[Round "5"]
[White "Bendtschneider, Nils"]
[Black "Hungeling, David"]
[Result "1-0"]
[Termination "normal"]
[Board "46"]
[WhiteElo "1219"]
[BlackElo "1566"]
[PlyCount "69"]
[WhiteFideId "16245180"]
[BlackFideId "16222440"]
[EventCountry "GER"]
[EventRounds "9"]
[EventType "swiss"]
[EventDate "2019.06.08"]

1. d4 e6 2. f4 Nf6 3. Nf3 b6 4. Nbd2 Bb7 5. e3 c5 6. c3 Nc6 7. a3 Be7 8. Bd3
O-O 9. O-O d6 10. h3 e5 11. g4 Nd5 12. Ne4 exd4 13. exd4 Re8 14. g5 Qd7 15. f5
f6 16. c4 Nc7 17. Nh4 Nxd4 18. Qg4 Rf8 19. gxf6 Bxf6 20. Bg5 Ne8 21. Rf2 Rf7
22. Ng2 Nc6 23. Qh5 Ne5 24. Bc2 Nxc4 25. Bb3 Bxe4 26. Bxc4 d5 27. Rd1 Qc6 28.
Bd3 Bxd3 29. Rxd3 Bxg5 30. Qxg5 d4 31. Nf4 Qf6 32. Qg2 Qxf5 33. Qxa8 Qg5+ 34.
Qg2 Qe7 35. Re2 1-0

[Event "ODJM B 2019"]
[Site "Willingen GER"]
[Date "2019.06.12"]
[Round "5"]
[White "Kruse, Hannes"]
[Black "Hallfarth, Luise"]
[Result "0-1"]
[Termination "normal"]
[Board "47"]
[WhiteElo "1362"]
[BlackElo "1518"]
[PlyCount "178"]
[WhiteFideId "16254660"]
[BlackFideId "16250222"]
[EventCountry "GER"]
[EventRounds "9"]
[EventType "swiss"]
[EventDate "2019.06.08"]

1. e4 c5 2. Bc4 Nc6 3. Nc3 g6 4. d3 Bg7 5. f4 e6 6. Nf3 Nge7 7. O-O O-O 8. a3
d5 9. Ba2 b6 10. Qe1 Bb7 11. Nh4 Nd4 12. Qf2 dxe4 13. Nxe4 Nef5 14. Nxf5 Nxf5
15. Kh1 Nh4 16. Rg1 Bd4 17. Be3 Bxb2 18. Rad1 Nf5 19. Ng5 Re8 20. Rge1 Nxe3 21.
Qxe3 Qd6 22. Qh3 h5 23. f5 Bf6 24. fxe6 fxe6 25. Bxe6+ Kg7 26. Nf7 Qc6 27. c4
Qc7 28. Qe3 Qxf7 29. Bxf7 Rxe3 30. Rxe3 Kxf7 31. Rf1 Rd8 32. a4 Rd4 33. h3 Bc8
34. Ref3 Rd6 35. Rf4 Kg7 36. R4f3 Bf5 37. Rd1 Re6 38. Rdf1 Rd6 39. Rd1 Bd7 40.
a5 bxa5 41. Rb1 Bc6 42. Re3 a4 43. Re2 Rxd3 44. Rb8 Rd6 45. Rc8 Bd8 46. Re5 Bb6
47. Re7+ Kf6 48. Re3 Bb7 49. Rf8+ Kg5 50. Re5+ Kh6 51. Re7 Bc6 52. h4 Rd8 53.
Rff7 Rh8 54. Re6 Ba8 55. Rff6 Rg8 56. Rf7 Rg7 57. Rf8 Bb7 58. Ree8 g5 59. Rh8+
Kg6 60. Re6+ Kf5 61. Rhh6 gxh4 62. Rhf6+ Kg5 63. Rf2 Bc8 64. Re5+ Kg6 65. Rf8
Bg4 66. Rd5 Rf7 67. Rxf7 Kxf7 68. Rd3 Ke6 69. Ra3 Bd1 70. Kh2 Ba5 71. Kh3 Bb3
72. Kxh4 Bb4 73. Ra1 a3 74. Kxh5 a2 75. g4 Bc3 76. Rxa2 Bxa2 77. g5 Bxc4 78. g6
a5 79. g7 Bxg7 80. Kg4 a4 81. Kh4 a3 82. Kg3 a2 83. Kh3 a1=Q 84. Kg4 Qd4+ 85.
Kg3 Be5+ 86. Kg2 Bd5+ 87. Kh3 Qd3+ 88. Kh4 Qg3+ 89. Kh5 Kf6 0-1

[Event "ODJM B 2019"]
[Site "Willingen GER"]
[Date "2019.06.12"]
[Round "5"]
[White "Albayrak, Berrak"]
[Black "Kamleiter, Noah"]
[Result "1/2-1/2"]
[Termination "normal"]
[Board "48"]
[WhiteElo "1491"]
[BlackElo "1457"]
[PlyCount "55"]
[WhiteFideId "16241657"]
[BlackFideId "16265815"]
[EventCountry "GER"]
[EventRounds "9"]
[EventType "swiss"]
[EventDate "2019.06.08"]

1. e4 c5 2. Nf3 Nc6 3. d4 cxd4 4. Nxd4 g6 5. Nc3 Bg7 6. Be3 Nf6 7. f3 Qa5 8.
Bc4 Qb4 9. Bb3 Nxe4 10. fxe4 Bxd4 11. Bxd4 Qxd4 12. Qxd4 Nxd4 13. Nd5 Nxb3 14.
axb3 Kd8 15. O-O e6 16. Ne3 f5 17. e5 b6 18. Nc4 Kc7 19. Nd6 Bb7 20. Rfd1 Bc6
21. Rd3 a5 22. Rh3 h6 23. Rd1 h5 24. Rg3 Rhg8 25. Rg5 a4 26. Rg3 axb3 27. Rxb3
Ra2 28. Rdd3 1/2-1/2

[Event "ODJM B 2019"]
[Site "Willingen GER"]
[Date "2019.06.12"]
[Round "5"]
[White "Hoffmann, Alexander"]
[Black "Rempe, Mieke"]
[Result "0-1"]
[Termination "normal"]
[Board "49"]
[WhiteElo "1631"]
[BlackElo "1469"]
[PlyCount "121"]
[WhiteFideId "16240219"]
[BlackFideId "16202384"]
[EventCountry "GER"]
[EventRounds "9"]
[EventType "swiss"]
[EventDate "2019.06.08"]

1. e4 c6 2. d4 d5 3. f3 Nd7 4. Nc3 e6 5. a3 dxe4 6. fxe4 c5 7. Bb5 Qb6 8. Be3
a6 9. Bxd7+ Bxd7 10. Rb1 Rd8 11. d5 Nf6 12. dxe6 Bxe6 13. Qe2 Ng4 14. Nf3 Bc4
15. Qxc4 Nxe3 16. Qe2 c4 17. Nd5 Nxd5 18. exd5+ Be7 19. Rd1 O-O 20. Kf1 Rfe8
21. c3 Bxa3 22. Qf2 Qxf2+ 23. Kxf2 Bxb2 24. Rb1 Bxc3 25. Rhc1 Bf6 26. Rxb7 c3
27. Rb6 Rxd5 28. Rxa6 h6 29. Rc6 Red8 30. Ke2 Rb5 31. Ng1 Rb2+ 32. Kf3 Rd3+ 33.
Ke4 Rd4+ 34. Kf3 Rdd2 35. Rc8+ Kh7 36. Rc7 Rf2+ 37. Ke4 Rb4+ 38. Kd3 Rd2+ 39.
Ke3 Bg5+ 40. Kf3 Rf4+ 41. Kg3 Rd3+ 42. Nf3 Rfxf3+ 43. gxf3 Bxc1 44. Kf2 Rd2+
45. Ke1 Ra2 46. Kd1 Bd2 47. Rxf7 Be3 48. Rc7 Rd2+ 49. Ke1 c2 50. f4 Rxh2 51. f5
c1=Q+ 52. Rxc1 Bxc1 53. f6 gxf6 54. Kf1 Rh5 55. Kf2 Rg5 56. Ke2 h5 57. Kf2 h4
58. Kf3 h3 59. Kf2 h2 60. Kf3 h1=Q+ 61. Ke2 0-1

[Event "ODJM B 2019"]
[Site "Willingen GER"]
[Date "2019.06.12"]
[Round "5"]
[White "Senechal, Niklas Bennett"]
[Black "John, Niklas"]
[Result "0-1"]
[Termination "normal"]
[Board "50"]
[WhiteElo "1470"]
[BlackElo "1324"]
[PlyCount "110"]
[WhiteFideId "16231180"]
[BlackFideId "16234626"]
[EventCountry "GER"]
[EventRounds "9"]
[EventType "swiss"]
[EventDate "2019.06.08"]

1. d4 Nf6 2. c4 g6 3. Nc3 d5 4. Bg5 Ne4 5. Nxe4 dxe4 6. e3 Bg7 7. Qc2 c5 8.
Qxe4 cxd4 9. exd4 Bxd4 10. O-O-O Nc6 11. Nf3 Bf5 12. Qe2 Be6 13. Nxd4 Nxd4 14.
Qe3 Qa5 15. Qxd4 Qxg5+ 16. f4 Qf6 17. Qxf6 exf6 18. b3 Ke7 19. Be2 Rac8 20. Kb2
Rhd8 21. Rhe1 Rd7 22. Rxd7+ Kxd7 23. Rd1+ Ke7 24. Kc3 g5 25. g3 Rg8 26. Bf3
gxf4 27. gxf4 b6 28. a3 Rg6 29. Re1 Kd6 30. Rd1+ Kc7 31. Bd5 Rh6 32. Rd2 Rh4
33. Bxe6 fxe6 34. Rf2 Kd6 35. Kb4 e5 36. fxe5+ Kxe5 37. a4 f5 38. a5 f4 39.
axb6 axb6 40. c5 Rh6 41. Kc4 Ke4 42. cxb6 Rxb6 43. b4 Ke3 44. Rf1 f3 45. Ra1 f2
46. Kc5 Rf6 47. b5 f1=Q 48. Rxf1 Rxf1 49. b6 Rb1 50. Kc6 h5 51. b7 h4 52. Kc7
Kf3 53. b8=Q Rxb8 54. Kxb8 Kg2 55. Kc7 Kxh2 0-1

[Event "ODJM B 2019"]
[Site "Willingen GER"]
[Date "2019.06.12"]
[Round "5"]
[White "Panjer, Sidney"]
[Black "Keck, Johannes"]
[Result "0-1"]
[Termination "normal"]
[Board "51"]
[WhiteElo "1490"]
[BlackElo "1402"]
[PlyCount "43"]
[WhiteFideId "16207041"]
[BlackFideId "16258746"]
[EventCountry "GER"]
[EventRounds "9"]
[EventType "swiss"]
[EventDate "2019.06.08"]

1. e4 e6 2. d4 d5 3. exd5 exd5 4. Nf3 Bd6 5. Nc3 Ne7 6. Bd3 Nbc6 7. Bg5 f6 8.
Be3 Be6 9. Qe2 Qd7 10. Bb5 O-O-O 11. Bd2 Rde8 12. O-O-O a6 13. Bd3 Bg4 14. Be3
Bb4 15. Kd2 Ng6 16. Bxg6 hxg6 17. Kc1 Bxc3 18. bxc3 Na5 19. h3 Nc4 20. Qd3 Qb5
21. Rde1 Bf5 22. Qe2 0-1

[Event "ODJM B 2019"]
[Site "Willingen GER"]
[Date "2019.06.12"]
[Round "5"]
[White "Schwenke, Mia"]
[Black "Abou Wally, Adrian"]
[Result "0-1"]
[Termination "normal"]
[Board "52"]
[WhiteElo "1136"]
[BlackElo "1342"]
[PlyCount "146"]
[WhiteFideId "16263332"]
[BlackFideId "16245113"]
[EventCountry "GER"]
[EventRounds "9"]
[EventType "swiss"]
[EventDate "2019.06.08"]

1. e4 e5 2. Nf3 Nc6 3. Bc4 Bc5 4. c3 Nf6 5. d4 exd4 6. cxd4 Bb4+ 7. Bd2 Bxd2+
8. Nbxd2 d5 9. exd5 Nxd5 10. O-O O-O 11. Ne5 Nxe5 12. dxe5 Nb6 13. Bb3 Qg5 14.
Nf3 Qg6 15. Bc2 Qh5 16. h3 Bf5 17. Nd4 Qxd1 18. Rfxd1 Bxc2 19. Nxc2 Rfe8 20. f4
Rad8 21. Rd4 Rxd4 22. Nxd4 Rd8 23. Nb3 Rd5 24. Rc1 Na8 25. Kf2 Kf8 26. Ke2 Ke7
27. Rd1 Rxd1 28. Kxd1 b6 29. Nd4 Kd7 30. f5 c5 31. Nf3 h6 32. Ke2 Nc7 33. g4 g6
34. Kd3 Ke7 35. Ke4 b5 36. a3 a5 37. Nh4 g5 38. f6+ Ke6 39. Nf5 b4 40. Ng7+ Kd7
41. axb4 axb4 42. Kd3 Nd5 43. Nh5 Ke6 44. Ke4 Nb6 45. Ng7+ Kd7 46. Kf5 Nc4 47.
e6+ fxe6+ 48. Nxe6 Nd6+ 49. Ke5 c4 50. Nc5+ Kc6 51. Ne4 Nxe4 52. f7 Nc5 53. Kd4
c3 54. bxc3 bxc3 55. Kxc3 Ne6 56. Kd3 Kd5 57. Ke3 Ke5 58. Kf3 Kd4 59. Kg3 Ke3
60. h4 Nf8 61. h5 Ne6 62. Kg2 Kf4 63. Kh3 Kf3 64. Kh2 Kxg4 65. Kg2 Nf8 66. Kh2
Kf3 67. Kg1 Kg3 68. Kh1 Kf2 69. Kh2 g4 70. Kh1 Ne6 71. Kh2 g3+ 72. Kh3 g2 73.
Kh4 g1=Q 0-1

[Event "ODJM B 2019"]
[Site "Willingen GER"]
[Date "2019.06.12"]
[Round "5"]
[White "Mainka, Ingmar"]
[Black "Heß, Wadim"]
[Result "1-0"]
[Termination "normal"]
[Board "53"]
[WhiteElo "1209"]
[BlackElo "1360"]
[PlyCount "95"]
[WhiteFideId "16254937"]
[BlackFideId "16266129"]
[EventCountry "GER"]
[EventRounds "9"]
[EventType "swiss"]
[EventDate "2019.06.08"]

1. e4 c5 2. Nf3 a6 3. d4 cxd4 4. Nxd4 e5 5. Nf3 Nf6 6. Nc3 Bb4 7. Bc4 O-O 8.
O-O Nc6 9. Bg5 Bxc3 10. bxc3 h6 11. Bh4 d6 12. Qe2 Qe7 13. Ne1 Be6 14. Bb3 Rac8
15. Nd3 Kh7 16. Nb4 Nxb4 17. cxb4 Bxb3 18. cxb3 Rg8 19. f3 Qd8 20. Rfd1 Qd7 21.
Bxf6 gxf6 22. Kh1 Rcd8 23. Qd3 Kg6 24. Rac1 f5 25. exf5+ Qxf5 26. Qxf5+ Kxf5
27. Rc7 Ke6 28. Rxb7 Rd7 29. Rb6 Ra8 30. Kg1 Raa7 31. Kf1 a5 32. bxa5 Rxa5 33.
a4 Raa7 34. Rb5 Rab7 35. Rxb7 Rxb7 36. Rb1 d5 37. b4 d4 38. a5 Kd5 39. a6 Rb8
40. b5 d3 41. Ke1 f5 42. a7 Ra8 43. b6 Kd4 44. b7 Rxa7 45. b8=Q Ra2 46. Qd6+
Kc4 47. Rb4+ Kc3 48. Qc5# 1-0

[Event "ODJM B 2019"]
[Site "Willingen GER"]
[Date "2019.06.12"]
[Round "5"]
[White "Lohrmann, Linus"]
[Black "Kung, Fanny"]
[Result "1-0"]
[Termination "normal"]
[Board "54"]
[WhiteElo "1366"]
[BlackElo "1510"]
[PlyCount "91"]
[WhiteFideId "12982857"]
[BlackFideId "12987689"]
[EventCountry "GER"]
[EventRounds "9"]
[EventType "swiss"]
[EventDate "2019.06.08"]

1. e4 d5 2. exd5 Qxd5 3. Nc3 Qd6 4. d4 Nf6 5. Nf3 a6 6. g3 Bg4 7. Bg2 Nc6 8.
O-O e6 9. Bf4 Qd7 10. Re1 Be7 11. Be5 O-O 12. Bxf6 Bxf6 13. d5 exd5 14. Nxd5
Qd6 15. Qd3 Rad8 16. Nxf6+ Qxf6 17. Qe4 Bf5 18. Qc4 g6 19. Nh4 Be6 20. Qc5 Rd6
21. c3 Rfd8 22. a4 b6 23. Qe3 Rd3 24. Qc1 Na5 25. Be4 Rd2 26. Nf3 R2d6 27. Qe3
Nc4 28. Qe2 c5 29. b3 Nd2 30. Nxd2 Rxd2 31. Qe3 Bxb3 32. Bf3 Rb2 33. a5 b5 34.
Bd1 c4 35. Bxb3 Rxb3 36. Rad1 Rxd1 37. Rxd1 Rxc3 38. Qb6 Qe6 39. Rd8+ Kg7 40.
Qd4+ Qf6 41. Rg8+ Kxg8 42. Qxf6 Rc1+ 43. Kg2 c3 44. Qxa6 c2 45. Qc8+ Kg7 46. h3
1-0

[Event "ODJM B 2019"]
[Site "Willingen GER"]
[Date "2019.06.12"]
[Round "5"]
[White "Leithoff, Hans-Georg"]
[Black "Richter, Tim"]
[Result "1/2-1/2"]
[Termination "normal"]
[Board "55"]
[WhiteElo "1527"]
[BlackElo "1473"]
[PlyCount "55"]
[WhiteFideId "16223918"]
[BlackFideId "16272641"]
[EventCountry "GER"]
[EventRounds "9"]
[EventType "swiss"]
[EventDate "2019.06.08"]

1. e4 d6 2. Nf3 Nf6 3. Nc3 g6 4. d4 Bg7 5. h3 c6 6. Bc4 O-O 7. Bd3 b5 8. a3 a5
9. O-O Bb7 10. Ne2 Qb6 11. Be3 Qc7 12. Bf4 Nbd7 13. Qd2 a4 14. Rac1 Ba6 15. Bh2
Rfc8 16. e5 Nd5 17. exd6 exd6 18. Nf4 Nxf4 19. Qxf4 Bf8 20. c4 Qd8 21. cxb5
Bxb5 22. Bxb5 cxb5 23. Qd2 Qb6 24. Rc3 Rxc3 25. Qxc3 Nf6 26. Ng5 Qb7 27. Re1
Rc8 28. Qg3 1/2-1/2

[Event "ODJM B 2019"]
[Site "Willingen GER"]
[Date "2019.06.12"]
[Round "5"]
[White "Pham, Anh Tuan"]
[Black "Paqarizi, Endrit"]
[Result "0-1"]
[Termination "normal"]
[Board "56"]
[WhiteElo "1300"]
[BlackElo "1414"]
[PlyCount "52"]
[WhiteFideId "16245229"]
[BlackFideId "16235827"]
[EventCountry "GER"]
[EventRounds "9"]
[EventType "swiss"]
[EventDate "2019.06.08"]

1. c4 e5 2. e4 d6 3. h3 Nc6 4. Nf3 Be6 5. d4 Nxd4 6. Nxd4 exd4 7. Qxd4 Qf6 8.
Qe3 Ne7 9. Nc3 c6 10. Bd3 Ng6 11. Bd2 Ne5 12. b3 Nxd3+ 13. Qxd3 Be7 14. Be3 O-O
15. Rd1 Qg6 16. Qf1 f5 17. exf5 Bxf5 18. Ne2 Bc2 19. Rd4 d5 20. Rg4 Qd3 21. Bd2
Bb4 22. f3 Bxd2+ 23. Kf2 Qe3+ 24. Kg3 Qe5+ 25. Kf2 Rae8 26. Nd4 Be3+ 0-1

[Event "ODJM B 2019"]
[Site "Willingen GER"]
[Date "2019.06.12"]
[Round "5"]
[White "Fricke, Edna Marlene"]
[Black "Brunauer, Simon"]
[Result "0-1"]
[Termination "normal"]
[Board "57"]
[WhiteElo "1350"]
[BlackElo "1607"]
[PlyCount "44"]
[WhiteFideId "12988839"]
[BlackFideId "16279077"]
[EventCountry "GER"]
[EventRounds "9"]
[EventType "swiss"]
[EventDate "2019.06.08"]

1. e4 e5 2. Nf3 Nc6 3. Bc4 Bc5 4. d3 Nf6 5. c3 d6 6. Nbd2 Be6 7. Bb3 O-O 8. O-O
d5 9. exd5 Nxd5 10. Ne4 Bb6 11. Nfg5 h6 12. Nxe6 fxe6 13. Qg4 Nf4 14. Bxe6+
Nxe6 15. Qxe6+ Kh7 16. Qh3 Qe7 17. Bg5 Qf7 18. Bxh6 Kg8 19. Qg3 Ne7 20. Bg5 Ng6
21. Be3 Nf4 22. Bxb6 Ne2+ 0-1

[Event "ODJM B 2019"]
[Site "Willingen GER"]
[Date "2019.06.12"]
[Round "5"]
[White "Lipinsky, Pierre"]
[Black "Ostra, Noah"]
[Result "0-1"]
[Termination "normal"]
[Board "58"]
[WhiteElo "1353"]
[BlackElo "1773"]
[PlyCount "62"]
[WhiteFideId "16206290"]
[BlackFideId "16228979"]
[EventCountry "GER"]
[EventRounds "9"]
[EventType "swiss"]
[EventDate "2019.06.08"]

1. d4 Nf6 2. c4 g6 3. Nc3 d5 4. cxd5 Nxd5 5. e4 Nxc3 6. bxc3 Bg7 7. Be3 c5 8.
Nf3 Nc6 9. Be2 Bg4 10. dxc5 Bxc3+ 11. Nd2 Bxe2 12. Kxe2 Bxa1 13. Qxa1 O-O 14.
Bh6 Nd4+ 15. Kf1 Re8 16. Nb3 e5 17. f4 Nc2 18. Qc1 Qd3+ 19. Kg1 Rad8 20. h3
Qd1+ 21. Kh2 Qxc1 22. Rxc1 Nb4 23. a3 Nc6 24. fxe5 Rxe5 25. Nd2 Rd3 26. Rb1 Na5
27. c6 Nxc6 28. Rxb7 Rh5 29. Nb3 Rxh6 30. a4 Ne5 31. Nc5 Ng4+ 0-1

[Event "ODJM B 2019"]
[Site "Willingen GER"]
[Date "2019.06.12"]
[Round "5"]
[White "Sarian, Gaya"]
[Black "Kessen, Fanny"]
[Result "0-1"]
[Termination "normal"]
[Board "59"]
[WhiteElo "1452"]
[BlackElo "1232"]
[PlyCount "134"]
[WhiteFideId "16266161"]
[BlackFideId "16217357"]
[EventCountry "GER"]
[EventRounds "9"]
[EventType "swiss"]
[EventDate "2019.06.08"]

1. e4 e5 2. Nf3 Nc6 3. d4 exd4 4. Bc4 Be7 5. Nxd4 d6 6. Be3 Nf6 7. Nc3 O-O 8.
Nxc6 bxc6 9. O-O Bb7 10. Bb3 d5 11. e5 Nd7 12. f4 Nc5 13. Ba4 Qd7 14. Qd2 Rfd8
15. Rad1 Qf5 16. Qf2 Ne4 17. Nxe4 Qxe4 18. Bb3 Qb4 19. f5 Bf8 20. Kh1 c5 21. c3
Qa5 22. f6 Rd7 23. Qf5 Qb5 24. c4 g6 25. cxb5 gxf5 26. Rxf5 Re8 27. b6 cxb6 28.
Ba4 Red8 29. Bxd7 Rxd7 30. Rf2 d4 31. Rfd2 Rd5 32. Bf4 a5 33. Kg1 b5 34. h4 b4
35. g4 Bc8 36. Kf2 Bxg4 37. Rg1 h5 38. b3 Kh7 39. Rxg4 hxg4 40. h5 Bh6 41. Kg3
Bxf4+ 42. Kxf4 Kh6 43. Kf5 g3 44. Ke4 Rd7 45. Kf3 Kxh5 46. Kxg3 Kg5 47. Rc2 Rc7
48. Rf2 Rc6 49. Rh2 Kf5 50. Rh5+ Ke6 51. Kf4 Rc8 52. Ke4 Rd8 53. Rh3 Rd5 54.
Rh5 d3 55. Ke3 d2 56. Rh1 d1=Q 57. Rxd1 Rxd1 58. Ke2 Ra1 59. a4 bxa3 60. Kd2 a2
61. Kc2 Rb1 62. Kc3 a1=Q+ 63. Kc4 Qd4+ 64. Kb5 Rxb3+ 65. Kc6 Qd5+ 66. Kc7 Rb7+
67. Kc8 Qd7# 0-1

[Event "ODJM B 2019"]
[Site "Willingen GER"]
[Date "2019.06.12"]
[Round "6"]
[White "Schmied, Elias"]
[Black "Reuter, Julian-Frank"]
[Result "1-0"]
[Termination "normal"]
[Board "5"]
[WhiteElo "1669"]
[BlackElo "1733"]
[WhiteClock "00:02:02"]
[BlackClock "00:35:19"]
[PlyCount "157"]
[WhiteFideId "16255879"]
[BlackFideId "16256182"]
[EventCountry "GER"]
[EventRounds "9"]
[EventType "swiss"]
[EventDate "2019.06.08"]

1. d4 {[%clk 1:30:58]} 1... Nf6 {[%clk 1:30:55]} 2. c4 {[%clk 1:31:24]} 2... c5
{[%clk 1:31:21]} 3. Nf3 {[%clk 1:30:33]} 3... cxd4 {[%clk 1:31:28]} 4. Nxd4 {
[%clk 1:30:51]} 4... e6 {[%clk 1:31:12]} 5. Nc3 {[%clk 1:29:38]} 5... Bb4 {
[%clk 1:31:33]} 6. Qc2 {[%clk 1:23:13]} 6... Nc6 {[%clk 1:30:48]} 7. e3 { [%clk
1:21:03]} 7... O-O {[%clk 1:31:05]} 8. Be2 {[%clk 1:17:31]} 8... Qb6 { [%clk
1:28:07]} 9. Nf3 {[%clk 1:13:55]} 9... d5 {[%clk 1:28:07]} 10. O-O { [%clk
1:04:44]} 10... Rd8 {[%clk 1:23:45]} 11. Rd1 {[%clk 1:03:08]} 11... h6 { [%clk
1:24:00]} 12. a3 {[%clk 1:02:38]} 12... Be7 {[%clk 1:24:12]} 13. b4 { [%clk
1:01:20]} 13... a6 {[%clk 1:19:59]} 14. c5 {[%clk 0:56:39]} 14... Qc7 { [%clk
1:19:37]} 15. Bb2 {[%clk 0:56:09]} 15... Nd7 {[%clk 1:15:01]} 16. Rd2 { [%clk
0:49:02]} 16... b6 {[%clk 1:14:30]} 17. cxb6 {[%clk 0:48:44]} 17... Nxb6 {[%clk
1:14:41]} 18. Na4 {[%clk 0:48:50]} 18... Nxa4 {[%clk 1:12:05]} 19. Qxa4 {[%clk
0:46:26]} 19... Bd7 {[%clk 1:12:14]} 20. Rc1 {[%clk 0:44:08]} 20... Qb7 {[%clk
1:11:59]} 21. Qb3 {[%clk 0:43:38]} 21... Na7 {[%clk 1:10:55]} 22. Ne5 { [%clk
0:38:08]} 22... Bb5 {[%clk 0:58:41]} 23. Bxb5 {[%clk 0:37:21]} 23... Nxb5
{[%clk 0:58:50]} 24. Nc6 {[%clk 0:36:00]} 24... Rdc8 {[%clk 0:59:06]} 25. Nxe7+
{[%clk 0:36:22]} 25... Qxe7 {[%clk 0:59:34]} 26. Rdc2 {[%clk 0:36:10]} 26...
Qd7 {[%clk 0:59:36]} 27. Rc5 {[%clk 0:29:53]} 27... Rxc5 {[%clk 0:57:37]} 28.
Rxc5 {[%clk 0:29:56]} 28... Rc8 {[%clk 0:57:51]} 29. Qc2 {[%clk 0:29:49]} 29...
Nd6 {[%clk 0:58:11]} 30. Rxc8+ {[%clk 0:28:23]} 30... Nxc8 {[%clk 0:58:27]} 31.
Qc5 {[%clk 0:25:40]} 31... Nd6 {[%clk 0:57:54]} 32. Qc3 {[%clk 0:20:23]} 32...
f6 {[%clk 0:58:08]} 33. h3 {[%clk 0:20:29]} 33... Nc4 {[%clk 0:54:13]} 34. Qb3
{[%clk 0:16:38]} 34... Nd2 {[%clk 0:47:43]} 35. Qd3 {[%clk 0:15:56]} 35... Nc4
{[%clk 0:48:04]} 36. Qb3 {[%clk 0:16:16]} 36... e5 {[%clk 0:46:12]} 37. Bc3 {
[%clk 0:10:40]} 37... Kh8 {[%clk 0:43:33]} 38. a4 {[%clk 0:09:16]} 38... Qb7 {
[%clk 0:41:57]} 39. Kh1 {[%clk 0:06:20]} 39... Nd6 {[%clk 0:41:02]} 40. Bb2 {
[%clk 0:04:02]} 40... Ne4 {[%clk 0:39:35]} 41. Kg1 {[%clk 0:02:34]} 41... Nd6 {
[%clk 0:33:29]} 42. Ba3 {[%clk 0:25:30]} 42... Nc4 {[%clk 1:03:33]} 43. Bb2 {
[%clk 0:24:52]} 43... Qd7 {[%clk 1:02:09]} 44. Bc3 {[%clk 0:23:51]} 44... Nb6 {
[%clk 1:01:24]} 45. b5 {[%clk 0:22:25]} 45... axb5 {[%clk 1:01:46]} 46. Qxb5 {
[%clk 0:21:47]} 46... Qxb5 {[%clk 0:56:53]} 47. axb5 {[%clk 0:22:09]} 47... Kg8
{[%clk 0:57:14]} 48. Kf1 {[%clk 0:20:37]} 48... Kf7 {[%clk 0:57:38]} 49. Ke2 {
[%clk 0:15:34]} 49... Ke6 {[%clk 0:58:01]} 50. Kd3 {[%clk 0:14:33]} 50... Kd7 {
[%clk 0:56:11]} 51. Bb4 {[%clk 0:13:57]} 51... g6 {[%clk 0:54:10]} 52. Bf8 {
[%clk 0:13:28]} 52... h5 {[%clk 0:54:34]} 53. Kc3 {[%clk 0:13:39]} 53... f5 {
[%clk 0:54:30]} 54. Kb4 {[%clk 0:13:29]} 54... d4 {[%clk 0:51:30]} 55. exd4 {
[%clk 0:12:40]} 55... exd4 {[%clk 0:51:59]} 56. Kc5 {[%clk 0:12:58]} 56... d3 {
[%clk 0:51:53]} 57. Bh6 {[%clk 0:13:23]} 57... Na4+ {[%clk 0:51:51]} 58. Kb4 {
[%clk 0:12:29]} 58... Nb2 {[%clk 0:44:43]} 59. Kc3 {[%clk 0:12:34]} 59... Nd1+
{[%clk 0:45:07]} 60. Kxd3 {[%clk 0:12:24]} 60... Nxf2+ {[%clk 0:45:32]} 61. Kd4
{[%clk 0:10:50]} 61... Ne4 {[%clk 0:43:55]} 62. Ke5 {[%clk 0:10:21]} 62... Nd6
{[%clk 0:36:24]} 63. Kf6 {[%clk 0:08:55]} 63... Nxb5 {[%clk 0:36:48]} 64. Kxg6
{[%clk 0:09:15]} 64... Ke6 {[%clk 0:37:16]} 65. Kxh5 {[%clk 0:08:11]} 65... Kf6
{[%clk 0:37:35]} 66. Bg5+ {[%clk 0:06:49]} 66... Kf7 {[%clk 0:37:56]} 67. Bf4 {
[%clk 0:06:51]} 67... Kf6 {[%clk 0:37:56]} 68. Bg5+ {[%clk 0:06:30]} 68... Kf7
{[%clk 0:38:20]} 69. Bd8 {[%clk 0:06:52]} 69... Nd4 {[%clk 0:38:30]} 70. Bc7 {
[%clk 0:04:58]} 70... Kf6 {[%clk 0:38:19]} 71. g3 {[%clk 0:04:18]} 71... Ne6 {
[%clk 0:38:17]} 72. Bd6 {[%clk 0:03:49]} 72... Nd8 {[%clk 0:36:31]} 73. Bb4 {
[%clk 0:03:10]} 73... Ne6 {[%clk 0:36:08]} 74. Bc3+ {[%clk 0:03:33]} 74... Kf7
{[%clk 0:36:31]} 75. Be5 {[%clk 0:03:40]} 75... Nc5 {[%clk 0:36:16]} 76. Kg5 {
[%clk 0:02:21]} 76... Ke6 {[%clk 0:36:32]} 77. Bf4 {[%clk 0:01:43]} 77... Ne4+
{[%clk 0:35:57]} 78. Kg6 {[%clk 0:01:58]} 78... Nf6 {[%clk 0:35:19]} 79. h4 {
[%clk 0:02:02]} 1-0